| 000 | 00702aas a2200229 4500 | ||
|---|---|---|---|
| 999 |
_c2861 _d2861 |
||
| 003 | BR-BrBNA | ||
| 005 | 20230317233625.0 | ||
| 007 | ta | ||
| 008 | 230119b bl ||||| |||| 00| 0 por d | ||
| 022 | _a0103-5185 | ||
| 035 | _a000485-5 | ||
| 040 |
_aBR-BrBNA _bPor _cBR-BrBNA |
||
| 042 | _a087340-3 | ||
| 044 | _abl | ||
| 245 | _aEngenharia Rural (Brazil) | ||
| 260 |
_aPiracicaba-SP _bUSP/ESALQ - Departamento de Engenharia Rural Tel - (0194)33-0011 R-4121,4217,4218 _c1990. Data final de publicação em 1991 _eBSP |
||
| 270 | _aAv. Pádua Dias, 11 - Caixa Postal 9 - 13418-900 | ||
| 310 | _asemestral (duas vezes por ano | ||
| 505 | _a1990-91 1-2(1-2); | ||
| 909 |
_a56 _bSergio Santos _c56 _dSergio Santos |
||
| 942 |
_cCR _2AGRIS |
||